LEADER 00885nam a2200253 i 4500 001 000000154427 003 CaOOAMICUS 005 20141112000000.0 008 141112s2011 it u000 u ita u 013 $a131773 020 $a978-88-7016-849-5 040 $aSeMil$bita 100 1 $aCapello, Ezio.$0(OLS)http://semarc/name/60424 245 10$aSuez /$cEzio Capello. 260 $aTorino :$bClaudiana,$c2011. 300 $a224 p. ;$c20 cm. 490 0 $aCalamite ;$v4 830 0$aCalamite ;$v4.$0(OLS)http://semarc/title/42100 850 $aSeMil 852 $aSeMil$W1$xVenegono$y1$m1V III 211$j106285$B106285$CSeMilBibl$Z2$F115527 $81 961 $aLascito: Serenthà don Mario 996 $6020$a978-88-7016-849-5$9(OLS)http://semarc/number/144357 996 $6245$aSuez$9(OLS)http://semarc/title/226014 996 $6260$aTorino :$bClaudiana$9(OLS)http://semarc/publisher/29837 LEADER 00928nam a2200229 i 4500 001 000000202857 003 CaOOAMICUS 005 20161013000000.0 008 161013n it u000 u ita u 013 $a181568 040 $aSeMil$bita 245 10$aLawrence d'Arabia /$cLa Columbia Pictures presenta la produzione di Sam Spiegel e David Lean. 260 $a[S.l. :$bs.n.],$c199?] 300 $a1 v. :$bill. ;$c31 cm. 650 4$aLawrence, Thomas Edward.$0(OLS)http://semarc/subject/17325 700 1 $aLean, David.$0(OLS)http://semarc/name/73271 700 1 $aSpiegel, Sam.$0(OLS)http://semarc/name/73270 850 $aSeMil 852 $aSeMil$W1$xVenegono$y1$m5D XII 11/22$j153356$B153356$CSeMilBibl$Z2$F214913 $81 961 $aOmaggio: Grampa dott. Cesare 996 $6245$aLawrence d'Arabia$9(OLS)http://semarc/title/281657 996 $6260$a[S.l. :$bs.n.]$9(OLS)http://semarc/publisher/29751